|
|
|
|
| LEADER |
00000nam1a2200000 4500 |
| 001 |
254030 |
| 005 |
20251220071621.0 |
| 020 |
|
|
|a RU
|b 88-67699
|
| 035 |
|
|
|a (RuTPU)RU\TPU\book\276452
|
| 090 |
|
|
|a 254030
|
| 100 |
|
|
|a 20140318d1988 m y0rusy5003 ca
|
| 101 |
0 |
|
|a rus
|
| 200 |
1 |
|
|a Основы математического обеспечения робототехнических систем
|e учебное пособие
|f В. А. Масюков
|g Калининский государственный университет
|
| 210 |
|
|
|a Калинин
|c Изд-во КГУ
|d 1988
|
| 215 |
|
|
|a 83,[1] с.
|c ил.
|
| 320 |
|
|
|a Библиогр.: с. 83-84 (18 назв.).
|
| 606 |
1 |
|
|a Робототехнические системы
|2 stltpush
|3 (RuTPU)RU\TPU\subj\25265
|9 49467
|
| 610 |
1 |
|
|a роботы
|
| 610 |
1 |
|
|a роботы манипуляторы
|
| 610 |
1 |
|
|a математическое обеспечение
|
| 610 |
1 |
|
|a управление
|
| 610 |
1 |
|
|a кинематика
|
| 610 |
1 |
|
|a техническое зрение
|
| 675 |
|
|
|a 621.865.8-5(075.8)
|z rus
|
| 700 |
|
1 |
|a Масюков
|b В. А.
|
| 712 |
0 |
2 |
|7 ca
|8 rus
|a Калининский государственный университет
|c 1971-1990
|2 stltpush
|3 (RuTPU)RU\TPU\col\6821
|9 24273
|
| 801 |
|
0 |
|a RU
|b RuMRKP
|c 19950417
|g psbo
|
| 801 |
|
1 |
|a RU
|b 63413507
|c 20140318
|
| 801 |
|
2 |
|a RU
|b 63413507
|c 20140624
|g RCR
|
| 942 |
|
|
|c BK
|